God and his attributes : (Record no. 8026)

MARC details
000 -LEADER
fixed length control field 00615nam a22002057a 4500
003 - CONTROL NUMBER IDENTIFIER
control field OSt
005 - DATE AND TIME OF LATEST TRANSACTION
control field 20220908160411.0
008 - FIXED-LENGTH DATA ELEMENTS--GENERAL INFORMATION
fixed length control field 220908b ||||| |||| 00| 0 eng d
020 ## - INTERNATIONAL STANDARD BOOK NUMBER
International Standard Book Number 9789645817532
040 ## - CATALOGING SOURCE
Transcribing agency ddc
082 ## - DEWEY DECIMAL CLASSIFICATION NUMBER
Classification number 297 MUS 2003
100 ## - MAIN ENTRY--PERSONAL NAME
Personal name Mūsavī Lārī, Mujtabá
9 (RLIN) 16324
245 ## - TITLE STATEMENT
Title God and his attributes :
Remainder of title lessons on Islamic doctrine
260 ## - PUBLICATION, DISTRIBUTION, ETC. (IMPRINT)
Place of publication, distribution, etc. Potomac:
Name of publisher, distributor, etc. Islamic Education Center;
Date of publication, distribution, etc. ©1989
300 ## - PHYSICAL DESCRIPTION
Extent 206 pages ;
Dimensions 22 cm
504 ## - BIBLIOGRAPHY, ETC. NOTE
Bibliography, etc Includes bibliographical references and index
650 ## - SUBJECT ADDED ENTRY--TOPICAL TERM
Topical term or geographic name as entry element Shīʻah -- Doctrines.
9 (RLIN) 16325
650 ## - SUBJECT ADDED ENTRY--TOPICAL TERM
Topical term or geographic name as entry element God Islam.
9 (RLIN) 16326
942 ## - ADDED ENTRY ELEMENTS (KOHA)
Source of classification or shelving scheme Dewey Decimal Classification
Koha item type Book
Holdings
Withdrawn status Lost status Source of classification or shelving scheme Damaged status Not for loan Home library Current library Date acquired Source of acquisition Inventory number Total Checkouts Full call number Barcode Date last seen Price effective from Koha item type
    Dewey Decimal Classification     MUST Main Library MUST Main Library 08/09/2022 Purchase 22/40222   297 MUS 2003 2022-7982 08/09/2022 08/09/2022 Book